000 00196 a2200097 4500
001 18599
100 _aNasar A
245 _aAl hussain
260 _a
_bMery library
_c1970
090 _c13827
_d13827
942 _aNUST-CAE
_cM
_c4255
999 _c253672
_d253672